<?xml version="1.0" encoding="UTF-8"?>
<record
    xmlns:xsi="http://www.w3.org/2001/XMLSchema-instance"
    xsi:schemaLocation="http://www.loc.gov/MARC21/slim http://www.loc.gov/standards/marcxml/schema/MARC21slim.xsd"
    xmlns="http://www.loc.gov/MARC21/slim">

  <leader>00793    a2200241   4500</leader>
  <controlfield tag="003">IN-BaIIA</controlfield>
  <controlfield tag="005">20260507131140.0</controlfield>
  <controlfield tag="008">260507b        |||||||| |||| 00| 0 eng d</controlfield>
  <datafield tag="020" ind1=" " ind2=" ">
    <subfield code="a">978-3-527-34554-0</subfield>
  </datafield>
  <datafield tag="040" ind1=" " ind2=" ">
    <subfield code="c">IIA Library</subfield>
  </datafield>
  <datafield tag="080" ind1=" " ind2=" ">
    <subfield code="a">530.145</subfield>
    <subfield code="b">COH-II</subfield>
  </datafield>
  <datafield tag="100" ind1=" " ind2=" ">
    <subfield code="a">Cohen-Tannoudji, Claude</subfield>
    <subfield code="9">20293</subfield>
  </datafield>
  <datafield tag="245" ind1=" " ind2=" ">
    <subfield code="a">Quantum mechanics </subfield>
    <subfield code="b">vol:II angular momentum, spin, and approximation methods </subfield>
    <subfield code="c">Claude Cohen- Tannoudji,Bernard Diu,and Franck Laloe</subfield>
  </datafield>
  <datafield tag="250" ind1=" " ind2=" ">
    <subfield code="a">2nd ed.</subfield>
  </datafield>
  <datafield tag="260" ind1=" " ind2=" ">
    <subfield code="a">Weinheim</subfield>
    <subfield code="b">wiley-vch</subfield>
    <subfield code="c">2020</subfield>
  </datafield>
  <datafield tag="300" ind1=" " ind2=" ">
    <subfield code="a">xvii, 1589p.</subfield>
  </datafield>
  <datafield tag="650" ind1=" " ind2=" ">
    <subfield code="a">The schwarz inequality</subfield>
    <subfield code="9">49364</subfield>
  </datafield>
  <datafield tag="650" ind1=" " ind2=" ">
    <subfield code="a">Angularmomentum &amp; Nottions</subfield>
    <subfield code="9">49365</subfield>
  </datafield>
  <datafield tag="650" ind1=" " ind2=" ">
    <subfield code="a">The postulates of Quantum Mechanics</subfield>
    <subfield code="9">49366</subfield>
  </datafield>
  <datafield tag="700" ind1=" " ind2=" ">
    <subfield code="a">Diu, Bernard</subfield>
    <subfield code="9">49360</subfield>
  </datafield>
  <datafield tag="700" ind1=" " ind2=" ">
    <subfield code="a">Franck Laloe</subfield>
    <subfield code="9">49367</subfield>
  </datafield>
  <datafield tag="942" ind1=" " ind2=" ">
    <subfield code="2">udc</subfield>
    <subfield code="c">BK</subfield>
  </datafield>
  <datafield tag="999" ind1=" " ind2=" ">
    <subfield code="c">36157</subfield>
    <subfield code="d">36157</subfield>
  </datafield>
  <datafield tag="952" ind1=" " ind2=" ">
    <subfield code="0">0</subfield>
    <subfield code="1">0</subfield>
    <subfield code="2">ddc</subfield>
    <subfield code="4">0</subfield>
    <subfield code="7">0</subfield>
    <subfield code="a">BAN</subfield>
    <subfield code="b">KOD</subfield>
    <subfield code="c">GEN</subfield>
    <subfield code="d">2026-03-30</subfield>
    <subfield code="e">7</subfield>
    <subfield code="g">13966.08</subfield>
    <subfield code="l">0</subfield>
    <subfield code="o">530.145/ COH-II</subfield>
    <subfield code="p">21030</subfield>
    <subfield code="r">2026-03-30</subfield>
    <subfield code="v">15517.87</subfield>
    <subfield code="w">2026-03-30</subfield>
    <subfield code="y">BK</subfield>
    <subfield code="G"></subfield>
  </datafield>
</record>
